[Event "Syre Memorial op 33th"]
[Site "Issy les Moulineaux"]
[Date "2010.05.16"]
[Round "5"]
[White "Debray, Christopher"]
[Black "Su, Gerard"]
[Result "1-0"]
[WhiteElo "2377"]
[BlackElo "1515"]
[PlyCount "117"]
[EventDate "2010.05.13"]
[EventType "swiss"]
[EventRounds "6"]
[EventCountry "FRA"]
[SourceTitle "EXT 2011"]
[Source "ChessBase"]
[SourceDate "2010.11.26"]
[SourceVersion "1"]
[SourceVersionDate "2010.11.26"]
[SourceQuality "1"]

1. e4 e6 2. d4 d5 3. e5 c5 4. Qg4 cxd4 5. Nf3 Nc6 6. Bd3 g6 7. 0-0 Bg7 8. Re1 f6 9. Bf4 fxe5 10. Nxe5 Nf6 11. Qh4 Nh5 12. Bg5 Qa5 13. Bd2 Qd8 14. Qxd8+ Nxd8 15. c3 dxc3 16. Nxc3 Nc6 17. Bb5 0-0 18. Nxc6 bxc6 19. Bxc6 Rb8 20. Rab1 Nf4 21. Bb5 e5 22. Bxf4 exf4 23. Bd3 d4 24. Nd5 Bb7 25. Nc7 Bc8 26. b3 Bf5 27. Bc4+ Kh8 28. Rbd1 Rbd8 29. Bd3 Rc8 30. Nb5 Bxd3 31. Rxd3 Rfd8 32. Red1 Bf6 33. Kf1 Rc5 34. a4 a6 35. Na3 Rc3 36. Rxc3 dxc3 37. Rxd8+ Bxd8 38. Ke2 Ba5 39. Kd3 Kg7 40. Nc2 Kf6 41. b4 Bb6 42. f3 Ke5 43. Kxc3 Kd5 44. Kd3 g5 45. Na3 h5 46. h3 Bd8 47. Nb1 Be7 48. Nc3+ Kc6 49. Kc4 Bd8 50. b5+ axb5+ 51. axb5+ Kb6 52. Nd5+ Kb7 53. Kd4 Ka7 54. Ke4 Kb7 55. Kf5 Ka7 56. h4 g4 57. fxg4 hxg4 58. Kxf4 Kb7 59. h5 1-0